000 00579nam a22001817a 4500
003 OSt
005 20260129044402.0
008 260129b |||||||| |||| 00| 0 eng d
020 _a1-56052-474-X
040 _aDWC-Main lib.
_cOC
082 _aCirc. 658.8 G283d 1998
100 _aGeller, Lois K.
245 _aDirect marketing techniques :
_bbuilding your business using direct mail and direct response advertising/
_cLois K. Geller
260 _aCA :
_b Crisp Pub.,
_cc1998
300 _ax, 114 p. ;
_c25 cm.
650 _aMarketing
942 _2ddc
_cBK-CIRC
_n0
_hCirc.
999 _c7961
_d7961